Largest Cities in Bourgogne-Franche-Comté - Statistics

General Stats
  • This quiz has been taken 125 times
  • The average score is 6 of 10
Answer Stats
Population City % Correct
158,002 Dijon
100%
117,912 Besancon
91%
34,451 Auxerre
72%
46,443 Belfort
62%
33,005 Nevers
61%
33,908 Macon
54%
45,056 Chalon-sur-Saone
51%
25,806 Montbeliard
46%
23,711 Dole
43%
26,688 Sens
37%
No matching quizzes found
Score Distribution
Percent of People with Each Score
Percentile by Number Answered
Your Score History
You have not taken this quiz